| 000 | 00726nam a2200217Ia 4500 | ||
|---|---|---|---|
| 005 | 20241129110909.0 | ||
| 008 | 241129s9999||||xx |||||||||||||| ||und|| | ||
| 020 | _a978-93-80458-96-0 | ||
| 037 | _aTB | ||
| 040 |
_aCRL _bhin _cCRL |
||
| 041 |
_ahin _2hin |
||
| 084 |
_a4 152Q8 _qCRL |
||
| 100 | _aनन्दा, वर्तिका, संपा. | ||
| 245 | 0 |
_aमीडिया और बाजार _cनन्दा, वर्तिका, संपा. |
|
| 260 |
_aनयी दिल्ली, भारत _bसामयिक बुक्स _c2018 |
||
| 300 | _a175पृ0 | ||
| 365 |
_aINR _b400 |
||
| 650 |
_aMass Communication _9437314 |
||
| 942 |
_cTB _h4 152Q8 |
||
| 999 |
_c1228011 _d1228011 |
||